000 00647nam a2200181Ia 4500
008 090711s9999 xx 000 0 und d
082 _b66358
100 _aओशो रजनीश
245 _aशुन्याSो भुवनी स्वरु प अविनाश
260 _c1979
300 _a145
600 _aओशो रजनीश
630 _aशुन्याSो भुवनी स्वरु प अविनाश
700 _aओशो रजनीश
700 _aवंदना आनंद
730 _aशुन्याSो भुवनी स्वरु प अविनाश
942 _cBOOK
999 _c281948
_d281948